| 000 | 00769cam a22002531 4500 | ||
|---|---|---|---|
| 001 | sa 66006432 | ||
| 003 | DLC | ||
| 005 | 20260227112256.0 | ||
| 008 | 890318s1951 io ab 000 0 ind | ||
| 010 | _asa 66006432 | ||
| 035 | _a(OCoLC)23563193 | ||
| 040 |
_aDLC _cMiU _dDLC |
||
| 042 | _apremarc | ||
| 043 |
_aa-io--- _aa-pk--- |
||
| 050 | 0 | 0 |
_aJX937 1951 _b.A53 |
| 110 | 1 | _aIndonesia. | |
| 245 | 1 | 0 |
_aPerdjandjian persahabatan Indonesia-Pakistan, _cdisusun oleh Nurdjana Sutardjo. |
| 260 |
_aDjakarta, _bEndang _c[1951?] |
||
| 300 |
_a27 p. _billus., map. 16 cm |
||
| 651 | 0 |
_aIndonesia _xForeign relations _zPakistan. |
|
| 651 | 0 |
_aPakistan _xForeign relations _zIndonesia. |
|
| 700 | 1 |
_aSutardjo, Nurdjana, _eed. |
|
| 710 | 1 |
_aPakistan. _kTreaties, etc., _d1951. |
|
| 999 |
_c70516 _d70516 |
||